Macroeconomics (Record no. 9596)

000 -LEADER
fixed length control field 00226nam a22001217a 4500
040 ## - CATALOGING SOURCE
Transcribing agency SK
082 ## - DEWEY DECIMAL CLASSIFICATION NUMBER
Classification number 339
100 ## - MAIN ENTRY--AUTHOR NAME
Personal name GREGORY N.
245 ## - TITLE STATEMENT
Title Macroeconomics
260 ## - PUBLICATION, DISTRIBUTION, ETC. (IMPRINT)
Place of publication HARVARD
Name of publisher GER
Year of publication 2007
300 ## - PHYSICAL DESCRIPTION
Number of Pages 583p.
942 ## - ADDED ENTRY ELEMENTS (KOHA)
Koha item type សៀវភៅភាសាអង់គ្លេស
952 ## - LOCATION AND ITEM INFORMATION (KOHA)
Withdrawn status [LOCAL, KOHA] 0
952 ## - LOCATION AND ITEM INFORMATION (KOHA)
Withdrawn status [LOCAL, KOHA] 0
952 ## - LOCATION AND ITEM INFORMATION (KOHA)
Withdrawn status [LOCAL, KOHA] 0
Holdings
Permanent Location Date acquired Koha item type Lost status Shelving location Barcode Current Location Full call number
Library Block C2016-09-05សៀវភៅភាសាអង់គ្លេស C189RUA057999Library Block C339 GER 2007 C189 Or.1
Library Block C2016-09-05សៀវភៅភាសាអង់គ្លេស C189A01167Library Block C339 GER 2007 C189 Or.2
Library Block C2016-09-05សៀវភៅភាសាអង់គ្លេស C189A00473Library Block C339 GER 2007 C189 Or.3
មជ្ឈមណ្ឌលឯការនៃសាកលវិទ្យាល័យភូមិន្ទកសិកម្មចំការដូង

Powered by Koha